| 000 | 00489cam a22001451 4500 | ||
|---|---|---|---|
| 082 |
_a940.4 _bHAR _cD |
||
| 100 | 2 | _aLiddell Hart, Basil Henry, | |
| 245 | 1 | 4 |
_aThe war in outline, 1914-1918, _cby Liddell Hart. |
| 260 |
_aLondon, _bFaber and Faber, limited _c[1936] |
||
| 300 |
_a2 p. l., [vii]-xvii p., 1 l., [9]-259 p. _billus. (plans) fold. maps. _c20 cm. |
||
| 526 |
_a0 _b0 _c0 _d940_400000000000000_HAR |
||
| 650 | 0 |
_aMCE _9379 |
|
| 650 | 0 |
_aWorld War, 1914-1918. _928173 |
|
| 942 |
_2ddc _cBK |
||
| 999 |
_c552389 _d552389 |
||